000 01177cam a2200361 a 4500
001 3101
003 FISKH
005 20250822121648.0
008 980206s1999 maua b 000 0 eng
010 _a 98004640
020 _a0881062715 (hc)
020 _a0881062723 (sc)
020 _a9780881062724
040 _aDLC
_cDLC
_dDLC
_beng
042 _alcac
050 0 0 _aQL756.5
_b.F33 1999
082 0 0 _a591.5/3
_221
100 1 _aFacklam, Margery.
245 1 0 _aBugs for lunch /
_cMargery Facklam ; illustrated by Sylvia Long.
260 _aWatertown :
_bCharles Bridge,
_c1999
300 _a32 unnumbered pages :
_bcolor illustrations ;
_c28 cm
505 _aR
520 _aRhyming text introduces bug-eating animals such as geckos, trout, or even people. Includes additional facts about each creature.
521 8 _a700
_bLexile
521 8 _aR
_bRaz-Plus
650 0 _aAnimals
_xFood
_xJuvenile literature.
650 0 _aEdible insects
_xJuvenile literature.
650 1 _aAnimals
_xFood.
650 1 _aEdible insects.
700 1 _aLong, Sylvia,
_eillustrator
906 _a7
_bcbc
_corignew
_d1
_eocip
_f19
_gy-gencatlg
942 _2ddc
_cBK
_n0
999 _c3101
_d3101